000 00442nam a2200205Ia 4500
001 12008
003 GE_BSU
008 181216s||||||||xx |||||||||||||| ||und||
020 _a9780140274684
040 _cGE_BSU
080 _a821.111-32
100 _aJames,P.D.
245 2 _aA certain justice
260 _aLondon
260 _bPenguin Books.
260 _c1997.
300 _a482p;18cm.
653 _aA certain justice
942 _cBK
999 _c45185
_d45185